MARC details
| 000 -LEADER |
| fixed length control field |
01390namaa2200313 a 4500 |
| 001 - CONTROL NUMBER |
| control field |
vtls001703164 |
| 003 - CONTROL NUMBER IDENTIFIER |
| control field |
NLI |
| 005 - DATE AND TIME OF LATEST TRANSACTION |
| control field |
20210628155309.0 |
| 008 - FIXED-LENGTH DATA ELEMENTS--GENERAL INFORMATION |
| fixed length control field |
130322s1980 dcua i000 0 eng |
| 039 #9 - LEVEL OF BIBLIOGRAPHIC CONTROL AND CODING DETAIL [OBSOLETE] |
| -- |
201303221808 |
| -- |
VLOAD |
| 040 ## - CATALOGING SOURCE |
| Original cataloging agency |
NLI |
| Transcribing agency |
VTLS-2013_FOD |
| Description conventions |
AACR2 |
| 041 0# - LANGUAGE CODE |
| Language code of text/sound track or separate title |
eng |
| 044 ## - COUNTRY OF PUBLISHING/PRODUCING ENTITY CODE |
| MARC country code |
dcu |
| 082 04 - DEWEY DECIMAL CLASSIFICATION NUMBER |
| Classification number |
001.433021 |
| 110 1# - MAIN ENTRY--CORPORATE NAME |
| Corporate name or jurisdiction name as entry element |
United States. |
| Subordinate unit |
Congress. |
| Number of part/section/meeting |
(96th, 2nd sess.) |
| Subordinate unit |
Senate. |
| -- |
Committee on Governmental Affairs. |
| -- |
Subcommittee on Energy, Nuclear Proliferation and Federal Services |
| 245 14 - TITLE STATEMENT |
| Title |
The Decennial census : |
| Remainder of title |
an analysis and review / |
| Statement of responsibility, etc. |
prepared for the Subcommittee on Energy, Nuclear Proliferation and Federal Services of the Committee on Governmental Affairs, United States Senate ; by the Congressional Research Service, Library of Congress |
| 260 ## - PUBLICATION, DISTRIBUTION, ETC. |
| Place of publication, distribution, etc. |
Washington, D.C : |
| Name of publisher, distributor, etc. |
United States Government Printing Office, |
| Date of publication, distribution, etc. |
1980 |
| 300 ## - PHYSICAL DESCRIPTION |
| Extent |
ix, 465 p. : |
| Other physical details |
ill. ; |
| Dimensions |
24 cm. |
| 500 ## - GENERAL NOTE |
| General note |
At head of title : 96th Congress, 2d session. Committee print |
| 500 ## - GENERAL NOTE |
| General note |
Authors : Daniel Melnick and others |
| 504 ## - BIBLIOGRAPHY, ETC. NOTE |
| Bibliography, etc. note |
Includes bibliographies |
| 651 #0 - SUBJECT ADDED ENTRY--GEOGRAPHIC NAME |
| Geographic name |
United States |
| General subdivision |
Census |
| 9 (RLIN) |
707460 |
| 651 #0 - SUBJECT ADDED ENTRY--GEOGRAPHIC NAME |
| Geographic name |
United States |
| General subdivision |
Census, 1980 |
| 9 (RLIN) |
716828 |
| 710 2# - ADDED ENTRY--CORPORATE NAME |
| Corporate name or jurisdiction name as entry element |
Library of Congress. |
| Subordinate unit |
Congressional Research Service |
| 9 (RLIN) |
708860 |
| 887 ## - NON-MARC INFORMATION FIELD |
| Content of non-MARC field |
|
| 901 ## - LOCAL DATA ELEMENT A, LDA (RLIN) |
| a |
AD 70267 |
| b |
16.07.2010 |
| 902 ## - LOCAL DATA ELEMENT B, LDB (RLIN) |
| a |
U.S 001.433021 Un 3 (96th Cong., 2nd sess.) |
| 942 ## - ADDED ENTRY ELEMENTS (KOHA) |
| Source of classification or shelving scheme |
Dewey Decimal Classification |
| Koha item type |
Books |